| 000 | 01242cam a22003497a 4500 | ||
|---|---|---|---|
| 003 | CHAP | ||
| 005 | 20220329141927.0 | ||
| 008 | 980626d1998 mx a r 00110 spa d | ||
| 010 | _a75829 | ||
| 011 | _a76801 | ||
| 035 | _a86390 | ||
| 040 | _cCHAP | ||
| 090 | _aTesis | ||
| 100 | 0 | 0 |
_aLópez Gaytán, José. _967922 |
| 245 | 1 | 3 |
_aLa emigración temporal campo-ciudad como factor de cambio cultural caso : _bSantiago, Ixtaltepec, Oax. _c/por José López Gaytán |
| 260 |
_aChapingo, Méx. : _bEl autor, _c1998. |
||
| 300 |
_a130 h. : _bilus. |
||
| 502 | _aTesis (Ing. Agr. Esp. en Sociología Rural) -- UACH. Departamento de Sociología Rural | ||
| 590 |
_aALEPH _b10 _c20130110 _lUCH01 _h1424 |
||
| 590 |
_aBATCH-UPD _b10 _c20130110 _lUCH01 _h0858 |
||
| 590 |
_aBATCH-UPD _b10 _c20130410 _lUCH01 _h0528 |
||
| 590 |
_aBATCH-UPD _b10 _c20130914 _lUCH01 _h0823 |
||
| 590 |
_aCONVERSION _b10 _c20130109 _lUCH01 _h1341 |
||
| 650 | 1 | 4 |
_aCambio social. _917787 |
| 650 | 1 | 4 |
_aEmigración e inmigración. _936517 |
| 650 | 1 | 4 |
_aOaxaca _xCondiciones sociales. _982478 |
| 901 | _aBK | ||
| 905 | _aGuadalupe Pinto C. | ||
| 942 | _cFOLL | ||
| 949 |
_bBC _cTES _d33724000589974 _eTS2 _fc.2 _h32828 _i86390 _si |
||
| 949 |
_bBC _cTES _d863901 _eTS1 _h32827 _i86390 _sb |
||
| 999 |
_c75829 _d75829 |
||